000 00620nam a2200181 a 4500
008 120416s1992 ||||||||||||||||| || u
020 _a0201607018
050 _aQA 402.3 Dor
100 _aDorf, Richard C
245 1 0 _aModern control systems. (6th ed.)
250 _a6th. ed
260 _aReading
_bAddison-Wesley
_c1992
300 _axiv, 717p. : ill.
350 _a0.00
650 0 _aMATHEMATICS--HANDBOOKS, MANUALS, ETC
650 _aFEEDBACK CONTROL SYSTEMS
995 _D0.00
_FCBU-MAIN LIBRARY (Kitwe)
_H1
_I22.95
_M1
_UDAMAGED
_ZMain Library Open Access Collection
999 _c51439
_d51439